000 00503nam a2200181Ia 4500
005 20250508160722.0
008 008 250505s9999 xx 000 0 eng d
037 _aTextual
040 _aFEDL
_beng
_cFEDL
041 _aeng
_2eng
084 _a372.4, CAL
_qFEDL
100 _aCalthrop Kenyon
_9769186
245 0 _aReading together : An investigation into the use of the class reader
260 _c1971
300 _a129p.
942 _cTEXL
_h372.4, CAL
999 _c1366216
_d1366216